000 00726cam a22002773a 4500
001 26284
003 PGUSA
005 20140828083551.0
008 080812s2008||||xxu|||||s|||||000 | eng d
040 _aPGUSA
_beng
042 _adc
050 4 _aQH
050 4 _aPQ
050 4 _aGC
100 1 _aMichelet, Jules,
_d1798-1874
245 1 0 _aEl Mar
_h[electronic resource] /
_cJules Michelet
260 _bProject Gutenberg,
_c2008
500 _aSpanish translation of ''La Mer'' (1861)
506 _aPublic domain in the USA.
516 _aElectronic text
653 _aNatural history
653 _aOcean
830 0 _aProject Gutenberg
_v26284
856 4 0 _uhttp://www.gutenberg.org/ebooks/26284
942 _cEB
999 _c255539
_d255539